ការកែច្នៃប្រហុក នៅខេត្តសៀមរាប, (Record no. 3563)
[ view plain ]
| 000 -LEADER | |
|---|---|
| fixed length control field | 00471nam a22001577a 4500 |
| 003 - CONTROL NUMBER IDENTIFIER | |
| control field | OSt |
| 005 - DATE AND TIME OF LATEST TRANSACTION | |
| control field | 20151118091339.0 |
| 008 - FIXED-LENGTH DATA ELEMENTS--GENERAL INFORMATION | |
| fixed length control field | 151118b xxu||||| |||| 00| 0 eng d |
| 040 ## - CATALOGING SOURCE | |
| Transcribing agency | RUA |
| 082 ## - DEWEY DECIMAL CLASSIFICATION NUMBER | |
| Classification number | FIS ទឹម 1993 B153 Or.1 |
| 100 ## - MAIN ENTRY--PERSONAL NAME | |
| 9 (RLIN) | 3831 |
| Personal name | ទឹម សារ៉ាត |
| 245 ## - TITLE STATEMENT | |
| Title | ការកែច្នៃប្រហុក នៅខេត្តសៀមរាប, |
| 260 ## - PUBLICATION, DISTRIBUTION, ETC. (IMPRINT) | |
| Place of publication, distribution, etc. | Phnom Penh |
| Name of publisher, distributor, etc. | RUA |
| Date of publication, distribution, etc. | 1993 |
| 300 ## - PHYSICAL DESCRIPTION | |
| Extent | 100p. |
| Other physical details | ill. |
| Dimensions | 29cm. |
| 942 ## - ADDED ENTRY ELEMENTS (KOHA) | |
| Source of classification or shelving scheme | |
| Koha item type | FIS |
| Price effective from | Date last seen | Permanent Location | Not for loan | Date acquired | Source of classification or shelving scheme | Koha item type | Lost status | Withdrawn status | Total Renewals | Date last checked out | Total Checkouts | Shelving location | Damaged status | Barcode | Current Location | Full call number |
|---|---|---|---|---|---|---|---|---|---|---|---|---|---|---|---|---|
| 2015-11-18 | 2018-07-25 | Library Block B | 2015-11-18 | FIS | 1 | 2018-06-26 | 1 | B153 | RUA020881 | Library Block B | FIS ទឹម 1993 B153 Or.1 | |||||
| 2015-11-18 | 2016-06-11 | Library Block B | 2015-11-18 | FIS | 2016-05-02 | 1 | B153 | RUA020690 | Library Block B | FIS ទឹម 1993 B153 Or.2 | ||||||
| 2015-11-18 | 2015-11-18 | Library Block B | 2015-11-18 | FIS | B153 | RUA020474 | Library Block B | FIS ទឹម 1993 B153 Or.3 | ||||||||
| 2015-11-18 | 2019-01-25 | Library Block B | 2015-11-18 | FIS | 2019-01-21 | 1 | B153 | RUA020472 | Library Block B | FIS ទឹម 1993 B153 Or.4 | ||||||
| 2015-11-18 | 2018-12-21 | Library Block B | 2015-11-18 | FIS | 2018-12-12 | 5 | B153 | RUA020391 | Library Block B | FIS ទឹម 1993 B153 Or.5 |